Managing biodiversity in agricultural ecosystems / (Record no. 1296)
[ view plain ]
| 000 -LEADER | |
|---|---|
| fixed length control field | 00656cam a22002054a 4500 |
| 020 ## - INTERNATIONAL STANDARD BOOK NUMBER | |
| International Standard Book Number | 9780231136488 |
| 020 ## - INTERNATIONAL STANDARD BOOK NUMBER | |
| International Standard Book Number | 023113648X |
| 020 ## - INTERNATIONAL STANDARD BOOK NUMBER | |
| International Standard Book Number | 9780231510004 |
| 020 ## - INTERNATIONAL STANDARD BOOK NUMBER | |
| International Standard Book Number | 0231510004 |
| 050 00 - LIBRARY OF CONGRESS CALL NUMBER | |
| Classification number | S494.A43 |
| Item number | M36 |
| 100 ## - MAIN ENTRY--PERSONAL NAME | |
| Personal name | Javrvis D.I |
| 245 00 - TITLE STATEMENT | |
| Title | Managing biodiversity in agricultural ecosystems / |
| Statement of responsibility, etc. | edited by D.I. Jarvis, C. Padoch, and H.D. Cooper. |
| 260 ## - PUBLICATION, DISTRIBUTION, ETC. (IMPRINT) | |
| Place of publication, distribution, etc. | New York |
| Name of publisher, distributor, etc. | Columbia University Press |
| -- | Bioversity International, |
| Date of publication, distribution, etc. | 2007. |
| 300 ## - PHYSICAL DESCRIPTION | |
| Extent | xviii, 492 p. |
| 700 1# - ADDED ENTRY--PERSONAL NAME | |
| Personal name | Jarvis, Devra I. |
| 700 1# - ADDED ENTRY--PERSONAL NAME | |
| Personal name | Padoch, Christine. |
| 700 1# - ADDED ENTRY--PERSONAL NAME | |
| Personal name | Cooper, H. D. |
| 856 41 - ELECTRONIC LOCATION AND ACCESS | |
| Uniform Resource Identifier | <a href="http://www.loc.gov/catdir/toc/ecip072/2006031672.html">http://www.loc.gov/catdir/toc/ecip072/2006031672.html</a> |
| 942 ## - ADDED ENTRY ELEMENTS (KOHA) | |
| Koha item type | General circulation |
| Withdrawn status | Lost status | Source of classification or shelving scheme | Damaged status | Not for loan | Home library | Current library | Date acquired | Cost, normal purchase price | Total Checkouts | Full call number | Barcode | Date last seen | Copy number | Cost, replacement price | Price effective from | Koha item type | Public note | Total Renewals | Date last checked out |
|---|---|---|---|---|---|---|---|---|---|---|---|---|---|---|---|---|---|---|---|
| Library of Congress Classification | Kitui Town Campus Library | Kitui Town Campus Library | 18/05/2015 | 6045.63 | 1 | S494.A43 M36 | 2026/029466 | 21/07/2017 | 6545.63 | General circulation | 1 | 17/06/2017 | |||||||
| Library of Congress Classification | Main Campus Library | Main Campus Library | 19/08/2014 | 6045.63 | S494.A43 M36 | 2019/023366 | 19/08/2014 | C1 | 6545.63 | 19/08/2014 | General circulation | kim | |||||||
| Library of Congress Classification | Main Campus Library | Main Campus Library | 19/08/2014 | 6045.63 | S494.A43 M36 | 2019/023367 | 19/08/2014 | C2 | 6545.63 | General circulation | kim | ||||||||
| Library of Congress Classification | Main Campus Library | Main Campus Library | 19/08/2014 | 6045.63 | S494.A43 M36 | 2019/023365 | 19/08/2014 | C3 | 6545.63 | General circulation | kim | ||||||||
| Library of Congress Classification | Main Campus Library | Main Campus Library | 19/08/2014 | 6045.63 | S494.A43 M36 | 2019/023368 | 19/08/2014 | C4 | 6545.63 | General circulation | kim | ||||||||
| Library of Congress Classification | Main Campus Library | Main Campus Library | 19/08/2014 | 6045.63 | S494.A43 M36 | 2019/023369 | 19/08/2014 | C5 | 6545.63 | General circulation | kim |